Obras menores : (Record no. 36194)
[ view plain ]
| 000 -CABECERA | |
|---|---|
| campo de control de longitud fija | 00953nam a2200169 a 4500 |
| 001 - NÚMERO DE CONTROL | |
| campo de control | 000036703 |
| 005 - FECHA Y HORA DE LA ÚLTIMA TRANSACCIÓN | |
| campo de control | 20200930075902.0 |
| 008 - DATOS DE LONGITUD FIJA--INFORMACIÓN GENERAL | |
| campo de control de longitud fija | 090805s1984 sp 000 0 spa d |
| 040 ## - FUENTE DE LA CATALOGACIÓN | |
| Centro catalogador/agencia de origen | DO-SdBNP |
| Lengua de catalogación | spa |
| Centro/agencia transcriptor | BNPHU |
| 100 1# - ENTRADA PRINCIPAL--NOMBRE DE PERSONA | |
| Nombre de persona | Jenofonte |
| 9 (RLIN) | 62993 |
| 245 10 - MENCIÓN DE TÍTULO | |
| Título | Obras menores : |
| Resto del título | Hierón, Agesilao, La república de los lacedemonios, Los ingresos públicos, El jefe de la caballería, De la equitación, De la caza. La república de los atenienses / Pseudo Jenofonte / |
| Mención de responsabilidad, etc. | Jenofonte ; introducciones, traducciones y notas de Orlando Guntiñas Tuñon. |
| 260 ## - PUBLICACIÓN, DISTRIBUCIÓN, ETC. | |
| Lugar de publicación, distribución, etc. | Madrid : |
| Nombre del editor, distribuidor, etc. | Gredos, |
| Fecha de publicación, distribución, etc. | 1984. |
| 300 ## - DESCRIPCIÓN FÍSICA | |
| Extensión | 318 p. ; |
| Dimensiones | 20 cm. |
| 440 #0 - MENCIÓN DE SERIE/PUNTO DE ACCESO ADICIONAL--TÍTULO | |
| Título | Biblioteca clásica Gredos ; |
| Designación de volumen o secuencia | 75 |
| 9 (RLIN) | 8642 |
| 500 ## - NOTA GENERAL | |
| Nota general | Incluye índice |
| 505 0# - NOTA DE CONTENIDO CON FORMATO | |
| Título | Hierón. -- |
| -- | Agesilao. -- |
| -- | La república de los lacedemonios. -- |
| -- | Los ingresos públicos o Las rentas. -- |
| -- | El jefe de la caballería o El hipárquico. -- |
| -- | De la equitación. -- |
| -- | De la caza. -- |
| -- | La república de los atenienses / |
| Mención de responsabilidad | Pseudo Jenofonte |
| Estado de retiro | Estado de pérdida | Restricciones de uso | No para préstamo | Código de colección | Localización permanente | Ubicación/localización actual | Ubicación en estantería | Fecha de adquisición | Número de inventario | Total de préstamos | Signatura topográfica completa | Código de barras | Fecha visto por última vez | Precio válido a partir de | Tipo de ítem Koha |
|---|---|---|---|---|---|---|---|---|---|---|---|---|---|---|---|
| Excluido de préstamo | Monografías: Libros y Folletos | General | General | En catalogación | 25.01.2012 | LF1 | 36703-10 | 25.06.2020 | 25.06.2020 | No se presta |
